<?xml version="1.0" encoding="UTF-8"?>
<record
    xmlns:xsi="http://www.w3.org/2001/XMLSchema-instance"
    xsi:schemaLocation="http://www.loc.gov/MARC21/slim http://www.loc.gov/standards/marcxml/schema/MARC21slim.xsd"
    xmlns="http://www.loc.gov/MARC21/slim">

  <leader>00614nam a22001577a 4500</leader>
  <controlfield tag="008">150515b        xxu||||| |||| 00| 0 eng d</controlfield>
  <datafield tag="020" ind1=" " ind2=" ">
    <subfield code="a">0940602695</subfield>
  </datafield>
  <datafield tag="082" ind1=" " ind2=" ">
    <subfield code="a">709.809.04</subfield>
    <subfield code="b">T 758a</subfield>
  </datafield>
  <datafield tag="100" ind1=" " ind2=" ">
    <subfield code="a">Traba, Marta</subfield>
    <subfield code="9">2628</subfield>
  </datafield>
  <datafield tag="245" ind1=" " ind2=" ">
    <subfield code="a">Arte de America Latina 1900-1980</subfield>
    <subfield code="c">Traba, Marta</subfield>
  </datafield>
  <datafield tag="260" ind1=" " ind2=" ">
    <subfield code="a">New York Avenue</subfield>
    <subfield code="b">Banco Interamericano de Desarrollo</subfield>
    <subfield code="c">1994</subfield>
  </datafield>
  <datafield tag="300" ind1=" " ind2=" ">
    <subfield code="a">178 p.</subfield>
    <subfield code="b">ill. (col)</subfield>
    <subfield code="c">22x28 cm</subfield>
  </datafield>
  <datafield tag="505" ind1=" " ind2=" ">
    <subfield code="t">El Muralismo Mexicano: Acci&#xF3;n y consecuencias</subfield>
    <subfield code="t">La Transfusi&#xF3;n de las Vanguardias</subfield>
    <subfield code="t">Las d&#xE9;cadas emergentes</subfield>
    <subfield code="t">La Vanguardia</subfield>
  </datafield>
  <datafield tag="650" ind1=" " ind2=" ">
    <subfield code="x">Arte </subfield>
    <subfield code="x">Arte latinoamericano</subfield>
    <subfield code="x">S. 20</subfield>
    <subfield code="9">2629</subfield>
  </datafield>
  <datafield tag="700" ind1=" " ind2=" ">
    <subfield code="a">Traba, Marta</subfield>
    <subfield code="9">2630</subfield>
  </datafield>
  <datafield tag="999" ind1=" " ind2=" ">
    <subfield code="c">585</subfield>
    <subfield code="d">585</subfield>
  </datafield>
  <datafield tag="952" ind1=" " ind2=" ">
    <subfield code="0">0</subfield>
    <subfield code="1">0</subfield>
    <subfield code="2">ddc</subfield>
    <subfield code="4">0</subfield>
    <subfield code="7">0</subfield>
    <subfield code="a">LV</subfield>
    <subfield code="b">LV</subfield>
    <subfield code="c">Pensamiento</subfield>
    <subfield code="d">2015-05-15</subfield>
    <subfield code="l">0</subfield>
    <subfield code="o">709.809.04 T 758a</subfield>
    <subfield code="p">000507</subfield>
    <subfield code="r">2015-05-15 00:00:00</subfield>
    <subfield code="w">2015-05-15</subfield>
    <subfield code="y">01</subfield>
  </datafield>
</record>
